English unlimited: Intermediate Teacher's Pack. B1 Plus
Saved in:
| Main Authors: | , , |
|---|---|
| Format: | Book |
| Language: | English |
| Published: |
Cambridge University Press
2011
|
| Edition: | 1a. ed |
| Subjects: | |
| Tags: |
Add Tag
No Tags, Be the first to tag this record!
|
MARC
| LEADER | 00000cam a2200000 a 4500 | ||
|---|---|---|---|
| 001 | UCG8364 | ||
| 003 | CL-VaPUC | ||
| 008 | 111202e20110000UK |||||||||||||||||eng|d | ||
| 020 | |a 9780521157179 | ||
| 082 | 0 | 4 | |a 428 |b CLE |2 21 |
| 100 | 0 | |a Clementson, Theresa |e author |9 559366 | |
| 700 | 0 | |a Gray, Leanne |e author |9 559367 | |
| 700 | 0 | |a Smith, Howard |e author |9 559368 | |
| 245 | 1 | 0 | |a English unlimited: Intermediate Teacher's Pack. B1 Plus |
| 250 | |a 1a. ed | ||
| 300 | |a 127 p | ||
| 942 | |c BK | ||
| 945 | |d 20111202 00:00:00 |a dcastane | ||
| 260 | |b Cambridge University Press |c 2011 | ||
| 500 | |a Incluye DVD con material complementario | ||
| 650 | 0 | |a Educación lingüística |9 306506 | |
| 650 | 0 | |a Enseñanza del inglés |9 367340 | |
| 650 | 0 | |a Inglés |9 260023 | |
| 650 | 0 | |a Métodos de enseñanza |9 270413 | |
| 583 | |a last modification |c 20111202 14:14:00 |k Rodrigo Vera | ||
| 999 | |c 345976 |d 345974 | ||
| 952 | |0 0 |1 0 |4 0 |6 428_000000000000000_CLE_2011 |7 0 |8 ? |9 446383 |a FDOILP |b FDOILP |d 2019-11-22 |i 481195K |o 428 CLE 2011 |p 481195K |r 2019-11-22 |w 2019-11-22 |y BK |k ILP | ||